Educating gifted children/ (Record no. 11409)

000 -LEADER
fixed length control field 00366nam a2200145Ia 4500
008 - FIXED-LENGTH DATA ELEMENTS--GENERAL INFORMATION
fixed length control field 190923s9999||||xx |||||||||||||| ||und||
100 ## - MAIN ENTRY--AUTHOR NAME
Personal name DeHaan and Robert F.
245 #0 - TITLE STATEMENT
Title Educating gifted children/
250 ## - EDITION STATEMENT
Edition statement 2nd
260 ## - PUBLICATION, DISTRIBUTION, ETC. (IMPRINT)
Place of publication Chicago:
Name of publisher University of Chicago Press,
Year of publication 1962
300 ## - PHYSICAL DESCRIPTION
Number of Pages x,362
650 ## - SUBJECT ADDED ENTRY--TOPICAL TERM
Topical Term Education
942 ## - ADDED ENTRY ELEMENTS (KOHA)
Koha item type Books
Holdings
Lost status Damaged status Not for loan Collection code Permanent Location Current Location Shelving location Cost, normal purchase price Full call number Accession Number Koha item type
        RIE AJMER LIBRARY RIE AJMER LIBRARY General Stacks 23.80 371.95 DEH-E 13895 Books

Powered by Koha